Immunization in practice: a practical guide for health staff. (2004 update) (Record no. 31769)

MARC details
000 -LEADER
fixed length control field 00685nam a2200157 a 4500
008 - FIXED-LENGTH DATA ELEMENTS--GENERAL INFORMATION
fixed length control field 120620s2004 ||||||||||||||||| || u
020 ## - INTERNATIONAL STANDARD BOOK NUMBER
International Standard Book Number 9789241546515
050 ## - LIBRARY OF CONGRESS CALL NUMBER
Classification number RA 638 Imm
110 ## - MAIN ENTRY--CORPORATE NAME
Corporate name or jurisdiction name as entry element World Health Organization (WHO)
245 10 - TITLE STATEMENT
Title Immunization in practice: a practical guide for health staff. (2004 update)
260 ## - PUBLICATION, DISTRIBUTION, ETC.
Place of publication, distribution, etc. Geneva:
Name of publisher, distributor, etc. WHO
Date of publication, distribution, etc. 2004
300 ## - PHYSICAL DESCRIPTION
Extent viii, various pagings: ill.
650 ## - SUBJECT ADDED ENTRY--TOPICAL TERM
Topical term or geographic name entry element VACCINATION--HANDBOOKS, MANUALS, ETC
650 ## - SUBJECT ADDED ENTRY--TOPICAL TERM
Topical term or geographic name entry element IMMUNIZATION--HANDBOOKS, MANUALS, ETC
995 ## -
-- MEDICAL LIBRARY OPEN ACCESS
-- 743155
-- CBU-SCHOOL OF MEDICINE LIBRARY (Ndola)
-- BTL RA 638 Imm (BOX 110)
-- 1
-- AVAILABLE
-- Jul 30, 2012
-- 743155
-- Medical Library Open Access Collection
999 ## -
-- 31769
-- 31769
Holdings
Withdrawn status Lost status Source of classification or shelving scheme Damaged status Not for loan Permanent Location Current Location Shelving location Date acquired Total Checkouts Full call number Barcode Date last seen Price effective from Koha item type
          CBU-SCHOOL OF MEDICINE LIBRARY, NDOLA. CBU-SCHOOL OF MEDICINE LIBRARY, NDOLA.   11/30/2022   RA 638 Imm 743155 11/30/2022 11/30/2022 MONOGRAPH